| 000 | 00411nam a2200145 a 4500 | ||
|---|---|---|---|
| 001 | 000026785 | ||
| 005 | 20200930030418.0 | ||
| 008 | 110325s1989 dr 000 0 spa d | ||
| 040 |
_aDO-SdBNP _bspa _cBNPHU |
||
| 100 | 1 |
_aLarraƱaga, Ignacio _953897 |
|
| 245 | 1 | 3 |
_aEl pobre de Nazaret / _cIgnacio LarraƱaga. |
| 260 |
_aSanto Domingo : _bSusaeta Ediciones, _c1989. |
||
| 300 |
_a317 p. ; _c20 cm. |
||
| 049 | _aBNPD | ||
| 999 |
_c26277 _d26277 |
||